000 00834 a2200217 4500
999 _c180058
_d180058
005 20210722154545.0
010 _aENG-129621-23
020 _c334.00 (v.I)
_a978-81-7505-499-8
020 _c333.00(v.II)
_a978-81-7505-500-1
020 _c333.00(v.III)
_a978-81-7505-501-8
035 _aEN-113153-55
037 _bDBAD / PUB
082 1 4 _a230.1
100 1 _aHarshananda, Swami
245 1 _aNama Ramayana Mahima/
_cBy Swami Harshananda
260 _aUttarakhand
_bAdvaita Ashrama
_c2020
270 _aMayavati, Champawat,
_bUttarakhand
_cUttarakhand
300 _a3 V. (V 1, 671p.; V 2, 549p. V 3, 599p)
_c23cm(hbk)
505 _aV.I-(Balakanda, Ayodhyakanda, Aranyakanda and Kiskindhakanda); V.II-(Sundarakanda and Yuddhakanda), V.III (Yuddhakanda and Uttarakanda)
942 _adpl
_cEN
_2ddc
_h230.1
_mHAR